[Event "Elekes mem"]
[Site "Budapest"]
[Date "1990.??.??"]
[Round "6"]
[White "Roeder, Mathias"]
[Black "Schmittdiel, Eckhard"]
[Result "1/2-1/2"]
[WhiteElo "2450"]
[BlackElo "2455"]

1.d4 Nf6 2.Nf3 e6 3.c4 Bb4+ 4.Nbd2 O-O 5.a3 Bxd2+ 6.Bxd2 Ne4 7.g3 d6 8.Bg2 Nxd2
9.Qxd2 Qe7 10.O-O e5 11.e4 Bg4 12.d5 Bxf3 13.Bxf3 b6 14.Bg2 Nd7 15.b4 a5
16.Bh3 Nf6 17.f3 Ra7 18.Rfc1 axb4 19.axb4 Rfa8 20.Rxa7 Rxa7 21.c5 bxc5 22.bxc5 dxc5
23.Qc3 Ne8 24.Qxc5 Qxc5+ 25.Rxc5 Nd6 26.Bf1 g6 27.Rc3 Kg7 28.h4 f5 29.Bd3 Kf6
30.Kg2 h5 31.exf5 gxf5 32.f4 Ra2+ 33.Kf1 exf4 34.gxf4 Ra4 35.Rxc7 Rxf4+ 36.Kg2 Rxh4
37.Be2 Rd4 38.Bxh5 Rxd5 39.Bf3 Rd3 40.Rd7 Ke5 41.Ra7 Kf4 42.Bc6 Rd2+ 43.Kf1 Ne4
44.Ke1 Rh2 45.Bxe4 Kxe4 46.Ra4+ Kf3 47.Ra3+ Kg4 48.Kf1 f4 49.Rb3 Rd2 50.Ra3 Rb2
51.Kg1 Re2 52.Kf1 Rd2 53.Ke1 Rg2 54.Kf1 Rg3 55.Ra8 Rb3 56.Ra2 Rf3+ 57.Kg2 Rg3+
58.Kf2 Rh3 59.Ra8 Rh2+ 60.Kg1 Re2 61.Kf1 Re3 62.Kf2 Rb3 63.Rg8+ Kf5 64.Rf8+ Ke5
65.Re8+ Kd5 66.Re7  1/2-1/2

[Event "Noviki-A"]
[Site "Budapest"]
[Date "1990.??.??"]
[Round "9"]
[White "Roeder, Mathias"]
[Black "Fauland, Alexander"]
[Result "1/2-1/2"]
[WhiteElo "2450"]
[BlackElo "2480"]

1.d4 Nf6 2.Nf3 e6 3.c4 Bb4+ 4.Nbd2 b6 5.a3 Bxd2+ 6.Bxd2 Bb7 7.Bg5 d6 8.e3 Nbd7
9.Nd2 c5 10.f3 O-O 11.Be2  1/2-1/2

[Event "Buenos Aires"]
[Site "Buenos Aires"]
[Date "1990.??.??"]
[Round "6"]
[White "Panno, Oscar"]
[Black "Paglilla, Carlos"]
[Result "1-0"]
[WhiteElo "2510"]
[BlackElo "2405"]

1.d4 e6 2.c4 Bb4+ 3.Nd2 Nf6 4.Nf3 d5 5.a3 Be7 6.e3 O-O 7.b3 c5 8.Bb2 cxd4
9.exd4 Ne4 10.Bd3 f5 11.O-O Nc6 12.b4 a6 13.Nb3 dxc4 14.Bxc4 b5 15.Bd3 Bb7
16.Re1 Qd5 17.Bb1 Ng5 18.Nxg5 Nxd4 19.Nf3 Nxb3 20.Ba2  1-0

[Event "Cannes op"]
[Site "Cannes"]
[Date "1990.??.??"]
[Round "2"]
[White "Bogdanovski, Vlatko"]
[Black "Schienmann, Bruno"]
[Result "1-0"]
[WhiteElo "2410"]
[BlackElo "2245"]

1.d4 e6 2.c4 Nf6 3.Nf3 Bb4+ 4.Nbd2 a5 5.e3 b6 6.Bd3 Bb7 7.O-O Bxd2 8.Nxd2 d6
9.b3 e5 10.d5 Qe7 11.Bb2 Nbd7 12.e4 g5 13.Re1 Nf8 14.Nf1 Bc8 15.Ne3 Ng6 16.g3 Rg8
17.Nf5 Bxf5 18.exf5 Nf8 19.a3 N8d7 20.b4 Kf8 21.Bc2 Kg7 22.Ba4 Kh8 23.Bc6 Ra7
24.Bc3 Qf8 25.bxa5 bxa5 26.Rb1 Qh6 27.Rb5 a4 28.c5 Qh3 29.Qc2 g4 30.Bxd7 Nxd7
31.c6 Nf6 32.Rb7 Rga8 33.Qb2 Rxb7 34.cxb7 Rb8 35.Rxe5 dxe5 36.Bxe5 Qh6 37.Bxf6+ Kg8
38.d6 cxd6 39.Qc3 Re8 40.Be7 f6 41.Qc4+ Kg7 42.Qxg4+ Kf7 43.Qc4+ Kxe7 44.Qe6+  1-0

[Event "Cannes op"]
[Site "Cannes"]
[Date "1990.??.??"]
[Round "6"]
[White "Bellincampi, Stefano"]
[Black "Stranjakovitch, Jean"]
[Result "0-1"]
[WhiteElo "2000"]
[BlackElo "2150"]

1.d4 Nf6 2.Nf3 e6 3.c4 Bb4+ 4.Nbd2 b6 5.a3 Bxd2+ 6.Qxd2 Bb7 7.e3 Ne4 8.Qc2 O-O
9.Be2 a5 10.b3 d6 11.O-O Nd7 12.Bb2 f5 13.Nd2 Qg5 14.f4 Qh4 15.Nf3 Qe7 16.Rad1 Ndf6
17.Ne1 h6 18.Bf3 Kh7 19.Qd3 Rg8 20.Nc2 d5 21.b4 dxc4 22.Qxc4 Ba6 23.b5 Nd6
24.Qb3 Bxb5 25.Rfe1 Bc4 26.Qc3 Bd5 27.a4 Nfe4 28.Qa3 g5 29.Na1 gxf4 30.exf4 Qh4
31.Bc1 Qf2+ 32.Kh1 Nc4 33.Qd3 Qxe1+ 34.Rxe1 Nf2+ 35.Kg1 Nxd3 36.Bxd5 exd5  0-1

[Event "JUG-chT Cetinje"]
[Site "Cetinje"]
[Date "1990.??.??"]
[Round "3"]
[White "Averkin, Orest N"]
[Black "Raicevic, Ivica"]
[Result "1-0"]
[WhiteElo "2465"]
[BlackElo "2335"]

1.d4 e6 2.Nf3 Nf6 3.c4 Bb4+ 4.Nbd2 O-O 5.a3 Be7 6.e3 b6 7.Bd3 Bb7 8.b4 d6
9.O-O Nbd7 10.e4 e5 11.Re1 exd4 12.Nxd4 Ne5 13.Bf1 Nfd7 14.Nf5 Bf6 15.Rb1 Re8
16.f3 a5 17.Nb3 axb4 18.axb4 Nf8 19.Ne3 Ne6 20.Nd5 c6 21.Nxf6+ Qxf6 22.Be3 c5
23.Qxd6 Red8 24.Qxb6 Rab8 25.Nxc5 Bxe4 26.Nxe4 Qg6 27.Kh1 Rxb6 28.Bxb6 Rb8
29.c5 Nd4 30.Bc7 Re8 31.Nc3 f6 32.b5 h5 33.b6 h4 34.b7 Ndc6 35.b8=Q Nxb8
36.Bxb8 h3 37.Bxe5 fxe5 38.Ne4 Rf8 39.Rec1 Qf5 40.c6 hxg2+ 41.Bxg2 Qe6 42.c7 Rc8
43.Rc5 g5 44.Rd1 Qb6 45.Rdc1 Kg7 46.Bh3 g4 47.Bxg4  1-0

[Event "JUG-chT Cetinje"]
[Site "Cetinje"]
[Date "1990.??.??"]
[Round "7"]
[White "Misanovic, Vesna"]
[Black "Ankerst, Milka"]
[Result "1-0"]
[WhiteElo "2270"]
[BlackElo "2235"]

1.d4 Nf6 2.c4 e6 3.Nf3 Bb4+ 4.Nbd2 O-O 5.a3 Bxd2+ 6.Bxd2 d6 7.Bg5 Qe7 8.Qc2 e5
9.e3 Nbd7 10.Be2 Re8 11.O-O-O exd4 12.Rxd4 Qe6 13.Rh4 Nf8 14.Nd4 Qe5 15.Bxf6 Qxf6
16.Rf4 Qe7 17.Bd3 Be6 18.h4 Ng6 19.Nxe6 Qxe6 20.Bf5 Qe7 21.Rf3 Nf8 22.h5 h6
23.g4 Ne6 24.Rg3 Rad8 25.f4 d5 26.g5 hxg5 27.fxg5 Qc5 28.Rh4 dxc4 29.g6 fxg6
30.hxg6 Rd6 31.Rgh3 Kf8 32.Bxe6 Rexe6 33.Rxc4 Rxe3 34.Qf2+ Rf6 35.Rxc5 Rxh3
36.Rf5  1-0

[Event "Chartres op"]
[Site "Chartres"]
[Date "1990.??.??"]
[Round "3"]
[White "Szabolcsi, Janos"]
[Black "Kosten, Anthony C"]
[Result "0-1"]
[WhiteElo "2380"]
[BlackElo "2485"]

1.d4 Nf6 2.Nf3 e6 3.c4 Bb4+ 4.Nbd2 b6 5.g3 Bb7 6.Bg2 c5 7.a3 Bxd2+ 8.Qxd2 cxd4
9.O-O Qc8 10.Qxd4 Nc6 11.Qh4 Ne7 12.b3 d6 13.Qd4 Qc7 14.Bb2 e5 15.Qd1 O-O
16.Rc1 Rad8 17.Ne1 Bxg2 18.Nxg2 Qc8 19.f3 Qe6 20.e4 a6 21.Ne3 b5 22.Nd5 bxc4
23.bxc4 Rb8 24.Rf2 Rfc8 25.Rd2 Nfxd5 26.cxd5 Qd7 27.Bc3 f5 28.Kg2 fxe4 29.fxe4 Rc4
30.Bb4 Rxc1 31.Qxc1 Qg4 32.Qe1 Ng6 33.Kh1 Rc8 34.Bxd6 Rc4 35.Bb4 a5 36.d6 Nf8
37.Bxa5 Qf3+ 38.Kg1 Qxa3 39.Rd1 Qc5+ 40.Qf2 Qxa5 41.d7 Ne6 42.Rd5 Qa1+ 43.Kg2 Nd8
44.Qd2 Qb1 45.Qg5 Rc2+ 46.Kh3 Qf1+ 47.Kg4 Qe2+ 48.Kf5 Qf3+ 49.Kxe5 Nf7+  0-1

[Event "Cheliabinsk-A"]
[Site "Cheliabinsk"]
[Date "1990.??.??"]
[Round "?"]
[White "Meister, Yakov"]
[Black "Maksimovic, Branimir"]
[Result "0-1"]
[WhiteElo "2415"]
[BlackElo "2375"]

1.d4 Nf6 2.c4 e6 3.Nf3 Bb4+ 4.Nbd2 d5 5.Qa4+ Nc6 6.e3 Bd7 7.Qc2 O-O 8.a3 Bxd2+
9.Bxd2 Ne4 10.Bd3 f5 11.O-O Be8 12.b4 Bh5 13.Ne1 a6 14.Bc1 Ne7 15.f3 Nd6
16.c5 Nf7 17.Bd2 g5 18.Bc3 g4 19.f4 b5 20.cxb6 cxb6 21.Qe2 Qc8 22.Bb2 Nd6
23.a4 Qb7 24.h3 Ne4 25.Bxe4 dxe4 26.d5 Nxd5 27.Nc2 Qf7 28.hxg4 Bxg4 29.Qd2 h6
30.Nd4 Kh7 31.Rac1 Rg8 32.Rf2 Bh3 33.Kh1 Rg3 34.gxh3 Rag8 35.Rh2 Rxe3 36.Nc6 Reg3
37.Ne5 Qh5 38.h4 R8g7 39.Qe2 Qxe2 40.Rxe2 Nxf4 41.Rh2 e3 42.Nc4 Nd3 43.Bxg7 Nxc1
44.Be5 Rg4 45.Nb2 Re4 46.Bc3 Na2 47.Be1 Nxb4 48.Kg1 Nd5 49.Kg2 e5 50.Kf3 Rg4
51.Ke2 e4 52.a5 f4 53.axb6 f3+ 54.Kf1 Nxb6 55.Rc2 e2+ 56.Kf2 Nd5  0-1

[Event "Copenhagen Johansen"]
[Site "Copenhagen"]
[Date "1990.??.??"]
[Round "8"]
[White "Auchenberg, Per"]
[Black "Danielsen, Henrik"]
[Result "0-1"]
[WhiteElo "2230"]
[BlackElo "2380"]

1.d4 e6 2.c4 Nf6 3.Nf3 Bb4+ 4.Nbd2 b6 5.a3 Bxd2+ 6.Bxd2 Bb7 7.Bg5 d6 8.e3 Nbd7
9.Bh4 h6 10.Bd3 g5 11.Bg3 h5 12.h3 Rg8 13.Qe2 h4 14.Bh2 Ne4 15.O-O-O Qe7
16.Ne1 O-O-O 17.f3 Ng3 18.Bxg3 hxg3 19.Nc2 f5 20.d5 c5 21.dxc6 Bxc6 22.Nd4 Ne5
23.Qe1 Bb7 24.Qxg3 Kb8 25.Kb1 Rc8 26.Nb5 g4 27.hxg4 fxg4 28.Qh4 Qxh4 29.Rxh4 gxf3
30.gxf3 Bxf3 31.Rd2 d5 32.cxd5 Rg1+ 33.Ka2 Bxd5+ 34.b3 Nxd3 35.Nd6 Rcg8 36.Nb5 R1g2
37.Rh2 Rxh2 38.Rxh2 Nc5 39.Nd4 e5 40.Nf5  0-1

[Event "Dortmund op"]
[Site "Dortmund"]
[Date "1990.??.??"]
[Round "5"]
[White "Petrosian, Arshak B"]
[Black "Kochyev, Alexander"]
[Result "1/2-1/2"]
[WhiteElo "2480"]
[BlackElo "2450"]

1.d4 Nf6 2.c4 e6 3.Nf3 Bb4+ 4.Nbd2 d5 5.Qa4+ Nc6 6.a3 Bxd2+ 7.Bxd2 Ne4 8.Rd1 O-O
9.e3 a5 10.Bd3 Bd7 11.Qc2 f5 12.O-O Be8 13.Ne1 Kh8 14.Bc1 a4 15.Be2 Na5 16.f3 Nd6  1/2-1/2

[Event "BCF-ch"]
[Site "Eastbourne"]
[Date "1990.??.??"]
[Round "?"]
[White "Rahman, Tahmidur"]
[Black "Franklin, Michael J"]
[Result "1-0"]
[WhiteElo "2260"]
[BlackElo "2335"]

1.d4 Nf6 2.c4 e6 3.Nf3 Bb4+ 4.Nbd2 O-O 5.a3 Bxd2+ 6.Qxd2 b6 7.e3 Bb7 8.Bd3 d6
9.b4 Nbd7 10.Bb2 a5 11.O-O Qe7 12.Qc2 e5 13.Bf5 g6 14.Bh3 Rfe8 15.d5 Nh5
16.g3 f5 17.e4 f4 18.Rfc1 Rf8 19.Bg2 c5 20.dxc6 Bxc6 21.Qd3 Ndf6 22.c5 bxc5
23.bxc5 Bxe4 24.Qxd6 Qb7 25.Bxe5 fxg3 26.Bxg3 Bxf3 27.Qe6+ Rf7 28.c6 Qb5
29.Rab1 Qd3 30.Rb7 Rf8 31.Rxf7 Rxf7 32.c7  1-0

[Event "ESP-chT"]
[Site "?"]
[Date "1990.??.??"]
[Round "?"]
[White "Estremera Panos, Sergio"]
[Black "Elguezabal Varela, Daniel"]
[Result "1/2-1/2"]
[WhiteElo "2305"]
[BlackElo "2300"]

1.d4 Nf6 2.c4 e6 3.Nf3 Bb4+ 4.Nbd2 b6 5.e3 Bb7 6.Bd3 O-O 7.O-O d5 8.a3 Be7
9.b3 c5 10.Bb2 cxd4 11.exd4 Nc6 12.Re1 Rc8 13.Rc1 dxc4 14.bxc4 Qd6 15.Qe2 Rfd8
16.Qe3 Bf8 17.h3 Ne7 18.Ne5 Nc6 19.Ndf3 Nxe5 20.Nxe5 g6 21.f4 Bg7 22.a4 Nd7
23.Bf1 Nf6 24.Rcd1 Be4 25.Ba3 Qc7 26.Rc1 Bf8 27.Bb2 Bg7 28.Ba3 Bf8 29.Bb2 Bg7
30.Ba3  1/2-1/2

[Event "Arnold Cup"]
[Site "Gausdal"]
[Date "1990.??.??"]
[Round "1"]
[White "Reeh, Oliver"]
[Black "Westerinen, Heikki MJ"]
[Result "1-0"]
[WhiteElo "2425"]
[BlackElo "2475"]

1.d4 Nf6 2.c4 e6 3.Nf3 Bb4+ 4.Nbd2 b6 5.e3 Bb7 6.Bd3 Ne4 7.a3 Bxd2+ 8.Nxd2 Nxd2
9.Bxd2 Qg5 10.Rg1 f5 11.Qc2 Qh5 12.h3 O-O 13.Bc3 d6 14.d5 e5 15.g4 fxg4 16.hxg4 Qh4
17.O-O-O Rxf2 18.Bxh7+ Kh8 19.Qe4 Qxh7 20.Rh1 Rh2 21.Rxh2 Qxh2 22.Rh1 Qxh1+
23.Qxh1+ Kg8 24.Qh4 Kf7 25.Qh5+ Kf8 26.Qf5+ Kg8 27.g5 Na6 28.g6  1-0

[Event "Peer Gynt"]
[Site "Gausdal"]
[Date "1990.??.??"]
[Round "8"]
[White "Reeh, Oliver"]
[Black "Inkiov, Ventzislav"]
[Result "1/2-1/2"]
[WhiteElo "2465"]
[BlackElo "2510"]

1.d4 Nf6 2.c4 e6 3.Nf3 Bb4+ 4.Nbd2 d5 5.Qa4+ Nc6 6.a3 Be7 7.e3 O-O 8.Bd3 dxc4
9.Nxc4 Qd5 10.Qc2 b5 11.Nce5 Bb7 12.O-O Nxe5 13.dxe5 Ne4 14.Rd1 Rfd8 15.b4 c5
16.bxc5 Qxc5 17.Bb2 Qxc2 18.Bxc2 Nc5 19.Rxd8+ Rxd8 20.Bd4 a6 21.Nd2 Rc8 22.f4 h6
23.Kf2 Bd5 24.e4 Ba8 25.Ke3 Nb7 26.Bd3 Na5 27.Bb6 Nc4+ 28.Nxc4 bxc4 29.Rc1 c3
30.Bd4 Bxa3 31.Rxc3 Bc1+ 32.Kf3 Rxc3 33.Bxc3 Bb7 34.Bb4 g5 35.g3 h5 36.h4 g4+
37.Ke2 Bb2 38.Ke3 Kg7 39.Bc4 Kg6 40.Bd3 Kg7  1/2-1/2

[Event "BL2-N8990"]
[Site "Germany"]
[Date "1990.??.??"]
[Round "?"]
[White "Chochulski, Artur"]
[Black "Ahmels, Volker"]
[Result "0-1"]
[WhiteElo "2290"]
[BlackElo "2275"]

1.d4 Nf6 2.Nf3 e6 3.c4 Bb4+ 4.Nbd2 b6 5.a3 Bxd2+ 6.Bxd2 Ne4 7.Be3 Bb7 8.g3 O-O
9.Bg2 d5 10.Qc2 Qc8 11.Rc1 dxc4 12.Qxc4 Na6 13.b4 Nd6 14.Qc2 Be4 15.Qa4 Qb7
16.O-O b5 17.Qb3 Rfd8 18.Nh4 Nc4 19.Rfd1 Bxg2 20.Nxg2 Nb8 21.Bf4 Nc6 22.Rxc4 bxc4
23.Qxc4 e5 24.Rc1 Rxd4 25.Qc5 exf4 26.b5 Rad8 27.bxc6 Qb6 28.Nxf4 Rd1+ 29.Kg2 Rxc1
30.Qxc1 Rd6 31.e4 Qxc6 32.Qe3 Qb6 33.Qf3 Qb7 34.Nd5 c6 35.Nf4 Qe7 36.Qe3 Rd8
37.h4 h6 38.e5 Re8 39.e6 fxe6 40.Ng6 Qd6 41.Ne5 Qd5+ 42.Kh3 Rf8 43.Kh2 c5
44.Ng6 Re8 45.g4 Qd4 46.Qg3 c4 47.g5 Qd3  0-1

[Event "Gistrup"]
[Site "Gistrup"]
[Date "1990.??.??"]
[Round "3"]
[White "Yewdokimov, Oleg"]
[Black "Hansen, Lars Bo"]
[Result "1/2-1/2"]
[WhiteElo "2345"]
[BlackElo "2460"]

1.d4 Nf6 2.c4 e6 3.Nf3 Bb4+ 4.Nbd2 O-O 5.a3 Be7 6.e3 d5 7.Bd3 c5 8.dxc5 a5
9.cxd5 exd5 10.Nb3 Nbd7 11.a4 Nxc5 12.Nxc5 Bxc5 13.O-O Ne4 14.b3 Qf6 15.Bd2 Bg4
16.Be2 Rfd8 17.Rc1 d4 18.Nxd4 Bxd4 19.exd4 Rxd4 20.Bxg4 Nxd2 21.Re1 g6 22.Qc2 Rad8
23.h3 h5 24.Bd1 Qg5 25.Re3 R4d6 26.Be2 Rc6 27.Qb2 Rxc1+ 28.Qxc1 Qf5 29.Qe1  1/2-1/2

[Event "SWE-ch"]
[Site "Gothenburg"]
[Date "1990.??.??"]
[Round "?"]
[White "Lundin, Anders"]
[Black "Bergstrom, Christer"]
[Result "1/2-1/2"]
[WhiteElo "2265"]
[BlackElo "2425"]

1.d4 Nf6 2.c4 e6 3.Nf3 Bb4+ 4.Nbd2 b6 5.e3 Bb7 6.Bd3 O-O 7.O-O Bxd2 8.Nxd2 d6
9.e4 e5 10.d5 Nbd7 11.a3 a5 12.b3 c6 13.Bb2 Nc5 14.Bc2 cxd5 15.exd5 b5 16.f4 bxc4
17.fxe5 dxe5 18.Nxc4 Qxd5 19.Qe2 Ne6 20.Bxe5 Nd4 21.Bxd4 Qxd4+ 22.Qf2 Qxf2+
23.Rxf2 Rfb8 24.Rd1 Be4 25.Bxe4 Nxe4 26.Rf5 Rxb3 27.Rxa5 Rc8 28.Re5 Nc3 29.Rde1  1/2-1/2

[Event "SWE-ch"]
[Site "Gothenburg"]
[Date "1990.??.??"]
[Round "?"]
[White "Engqvist, Thomas"]
[Black "Bergstrom, Christer"]
[Result "1/2-1/2"]
[WhiteElo "2335"]
[BlackElo "2425"]

1.d4 Nf6 2.c4 e6 3.Nf3 Bb4+ 4.Nbd2 b6 5.g3 Bb7 6.Bg2 O-O 7.O-O a5 8.Qc2 Bxd2
9.Bxd2 Be4 10.Qc3 d6 11.Bg5 h6 12.Bxf6  1/2-1/2

[Event "HUN-chop"]
[Site "Gyor"]
[Date "1990.??.??"]
[Round "10"]
[White "Kiselev, Sergey"]
[Black "Dezelin, Milan"]
[Result "1/2-1/2"]
[WhiteElo "2440"]
[BlackElo "2315"]

1.d4 Nf6 2.c4 e6 3.Nf3 Bb4+ 4.Nbd2 b6 5.e3 Bb7 6.Bd3 O-O 7.O-O c5 8.a3 Bxd2
9.Bxd2 Ne4 10.Bc1 f5 11.Ne1 Qh4 12.f3 Nf6 13.f4 Ne4 14.Nf3 Qe7 15.b3 d6 16.Bb2 Nd7
17.Qe1 Rae8 18.Rd1 Ndf6 19.Qh4 Ng4 20.Qxe7 Rxe7 21.Rde1 h6 22.h3 Ngf6 23.Kh2 Kf7
24.Rd1 Rd7 25.b4 Rfd8 26.Nd2 g6 27.Nb3 Bc6 28.b5 Bb7 29.Be2 Ke7 30.a4 g5
31.g4 fxg4 32.hxg4 h5 33.dxc5 bxc5 34.Bxf6+ Nxf6 35.gxh5 g4 36.Na5 Rh8 37.Nxb7 Rxh5+
38.Kg2 Rxb7 39.Rh1 Rxh1 40.Rxh1 Rb8 41.a5 d5 42.Rc1 Kd6 43.Bd3 Rh8 44.Rb1 Rb8
45.Rd1 Ke7 46.f5 exf5 47.Bxf5 dxc4 48.e4 Rxb5 49.e5 Rxa5 50.exf6+ Kxf6 51.Bxg4 Ke5
52.Kf2 Ra2+ 53.Be2 a5 54.Ke3 Ra3+ 55.Kd2 Ra2+ 56.Ke3 Ra3+ 57.Kd2 Ra2+ 58.Ke3 Ra3+
59.Kd2 Ra2+ 60.Ke3 Ra3+  1/2-1/2

[Event "FIN-EST"]
[Site "Helsinki"]
[Date "1990.??.??"]
[Round "?"]
[White "Karner, Hillar"]
[Black "Raaste, Eero J"]
[Result "1-0"]
[WhiteElo "2360"]
[BlackElo "2380"]

1.d4 Nf6 2.Nf3 e6 3.c4 Bb4+ 4.Nbd2 d5 5.Qa4+ Nc6 6.a3 Be7 7.g3 O-O 8.Bg2 a5
9.O-O Bd7 10.Qc2 a4 11.Rb1 Na5 12.Ne5 Be8 13.Ndf3 Ne4 14.cxd5 exd5 15.Nd3 Nb3
16.Bf4 c6 17.Nc1 Nxc1 18.Rbxc1 g5 19.Bd2 f6 20.Ne1 Bg6 21.Nd3 Re8 22.Qd1 Bf8
23.Bb4 Bxb4 24.Nxb4 Nd6 25.e3 Qe7 26.Re1 Qf7 27.Bf1 Kh8 28.Na2 f5 29.Nc3 Ne4
30.Bd3 f4 31.Bxe4 Bxe4 32.Qg4 fxg3 33.fxg3 Qf3 34.Qxf3 Bxf3 35.Nb1 Re7 36.Nd2 Rf8
37.Rc3 Bg4 38.e4 dxe4 39.Rxe4 Rxe4 40.Nxe4 Re8 41.Nf6 Re1+ 42.Kf2 Re2+ 43.Kf1 Rxb2
44.Nxg4 Rb3 45.Rc5 Rxa3 46.Rxg5 h6 47.Ra5  1-0

[Event "Helsinki"]
[Site "Helsinki"]
[Date "1990.??.??"]
[Round "7"]
[White "Pyhala, Antti"]
[Black "Raaste, Eero J"]
[Result "1-0"]
[WhiteElo "2375"]
[BlackElo "2380"]

1.d4 e6 2.c4 Nf6 3.Nf3 Bb4+ 4.Nbd2 d5 5.Qa4+ Nc6 6.a3 Be7 7.e3 O-O 8.b4 dxc4
9.Bxc4 a5 10.b5 Na7 11.Rb1 Bd7 12.Ne5 Be8 13.Qc2 c6 14.bxc6 Nxc6 15.Rxb7 Nxe5
16.dxe5 Nd7 17.f4 Nb6 18.Bd3 Rc8 19.Bxh7+ Kh8 20.Qb1 Bc5 21.Nf3 g6 22.h4 Ba4
23.Kf2 Bc2 24.Qa2 Be4 25.h5 Bxe3+ 26.Bxe3 Rc2+ 27.Qxc2 Bxc2 28.hxg6 Nd5 29.gxf7 Bxh7
30.Ng5 Qxg5 31.fxg5 Kg7 32.Bc5  1-0

[Event "Balkaniad"]
[Site "Kavala"]
[Date "1990.??.??"]
[Round "3"]
[White "Grivas, Efstratios"]
[Black "Inkiov, Ventzislav"]
[Result "0-1"]
[WhiteElo "2445"]
[BlackElo "2510"]

1.d4 Nf6 2.c4 e6 3.Nf3 Bb4+ 4.Nbd2 b6 5.e3 Bb7 6.Bd3 O-O 7.O-O d5 8.a3 Be7
9.b3 Nbd7 10.Bb2 c5 11.Rc1 Rc8 12.Bb1 Re8 13.cxd5 exd5 14.Bf5 g6 15.Bh3 Rc7
16.dxc5 bxc5 17.b4 d4 18.b5 Nd5 19.Nc4 N7b6 20.Nfe5 Nxc4 21.Nxc4 Bg5 22.Kh1 h5
23.a4 Rce7 24.a5 Re4 25.a6 Ba8 26.Nd2 Rh4 27.Nf3 Rxh3 28.Rxc5 Rxf3 29.gxf3 dxe3
30.fxe3 Bxe3 31.Rc2 Bb6 32.Rd2 Qg5 33.Re2 Ne3 34.Qb3 Rc8  0-1

[Event "Balkaniad"]
[Site "Kavala"]
[Date "1990.??.??"]
[Round "6"]
[White "Grivas, Efstratios"]
[Black "Ermenkov, Evgenij"]
[Result "1/2-1/2"]
[WhiteElo "2445"]
[BlackElo "2480"]

1.d4 Nf6 2.c4 e6 3.Nf3 Bb4+ 4.Nbd2 O-O 5.a3 Be7 6.e4 d5 7.e5 Nfd7 8.cxd5 exd5
9.Bd3 c5 10.O-O Nc6 11.Re1 a5  1/2-1/2

[Event "Kecskemet"]
[Site "Kecskemet"]
[Date "1990.??.??"]
[Round "12"]
[White "Reeh, Oliver"]
[Black "Tolnai, Tibor"]
[Result "1/2-1/2"]
[WhiteElo "2425"]
[BlackElo "2490"]

1.d4 Nf6 2.c4 e6 3.Nf3 Bb4+ 4.Nbd2 d5 5.e3 O-O 6.Bd3 b6 7.O-O Bb7 8.a3 Be7
9.b3 Nbd7 10.Bb2 c5 11.Qe2  1/2-1/2

[Event "JUG-sf"]
[Site "Kladovo"]
[Date "1990.??.??"]
[Round "4"]
[White "Gostisa, Leon"]
[Black "Radibratovic, Predrag"]
[Result "1/2-1/2"]
[WhiteElo "2370"]
[BlackElo "2330"]

1.d4 Nf6 2.c4 e6 3.Nf3 Bb4+ 4.Nbd2 d5 5.a3 Be7 6.Qc2 Nbd7 7.e4 dxe4 8.Nxe4 Nxe4
9.Qxe4 Nf6 10.Qc2 b6 11.Be3 Bb7 12.Ne5 O-O 13.O-O-O c5 14.dxc5 Qc7 15.c6 Bxc6
16.Nxc6 Qxc6 17.Kb1 Rac8 18.Rc1 Ng4 19.Bf4 Qc5 20.Bg3 Bf6 21.Bd3 h6 22.Rhe1 Ne5
23.Bxe5 Bxe5 24.Qe2 Bf6 25.Qe4 Rfd8 26.Rc2 Qd4 27.Qxd4 Rxd4 28.Be2 Rcd8 29.Bf3 Rd3
30.Be4 Rd2  1/2-1/2

[Event "RSFSR-ch"]
[Site "Kuibishev"]
[Date "1990.??.??"]
[Round "?"]
[White "Poluljahov, Aleksandr"]
[Black "Makarov, Marat"]
[Result "1/2-1/2"]
[WhiteElo "2415"]
[BlackElo "2480"]

1.d4 Nf6 2.c4 e6 3.Nf3 Bb4+ 4.Nbd2 O-O 5.g3 b6 6.Bg2 Bb7 7.O-O Be7 8.Qc2 d5
9.cxd5 exd5 10.Ne5 Re8 11.b3 c5 12.Bb2 Nbd7 13.e3 Rc8 14.Qf5 g6 15.Qd3 Bd6
16.f4 Nb8 17.Rfe1 Ba6 18.Qb1 Nc6 19.Nxc6 Rxc6 20.Nc4 Bf8 21.Ne5 Rc7 22.dxc5 bxc5
23.Bc3 Rc8 24.Qb2 d4 25.exd4 Nd5 26.Ba5 Qd6 27.Rad1 Bg7 28.Kh1 Bb7 29.Qa3 Qa6
30.dxc5 Bxe5 31.fxe5 Nc3 32.Rc1 Bxg2+ 33.Kxg2 Qc6+ 34.Kg1 Ne4 35.Qa4 Qxa4
36.bxa4 Rxc5 37.Rxc5 Nxc5 38.Bc7 f6 39.Bd6  1/2-1/2

[Event "Leningrad op"]
[Site "Leningrad"]
[Date "1990.??.??"]
[Round "?"]
[White "Solozhenkin, Evgeniy"]
[Black "Gezaljan, Tigran"]
[Result "1-0"]
[WhiteElo "2420"]
[BlackElo "2360"]

1.d4 Nf6 2.c4 e6 3.Nf3 Bb4+ 4.Nbd2 O-O 5.a3 Be7 6.e4 d5 7.cxd5 exd5 8.e5 Ne4
9.Qc2 f5 10.exf6 Nxf6 11.Bd3 Nc6 12.O-O Bd6 13.b4 a6 14.Bb2 Qe8 15.Rfe1 Qh5
16.Nf1 Bd7 17.Ng3 Bxg3 18.fxg3 Rae8 19.Ne5 Nxe5 20.Rxe5 Rxe5 21.dxe5 Ng4
22.h3 Nf2 23.Bf1 c6 24.Bd4 Ne4 25.g4 Qh4 26.Bd3 Qg3 27.Bxe4 dxe4 28.Qc4+ Kh8
29.e6 Be8 30.Qc5 Rg8 31.Rf1 Qc7 32.e7 h6 33.Rf8 Kh7 34.Qf5+ Bg6 35.Qxg6+  1-0

[Event "Melbourne Masters"]
[Site "Melbourne"]
[Date "1990.??.??"]
[Round "1"]
[White "Fuller, Maxwell L"]
[Black "Johansen, Darryl K"]
[Result "1-0"]
[WhiteElo "2325"]
[BlackElo "2420"]

1.c4 e6 2.d4 Nf6 3.Nf3 Bb4+ 4.Nbd2 O-O 5.e3 d5 6.a3 Be7 7.Bd3 c5 8.dxc5 Bxc5
9.O-O Nc6 10.b4 Bb6 11.Bb2 Re8 12.Qc2 h6 13.Rad1 Qe7 14.e4 dxc4 15.Nxc4 Bd7
16.Nxb6 axb6 17.e5 Nd5 18.Qc4 Qf8 19.h4 Nce7 20.h5 Kh8 21.Qe4 Qg8 22.Nd4 g6
23.hxg6 fxg6 24.Nb5 Qg7 25.Nd6 Rf8 26.g3 Bc6 27.Qe2 g5 28.Kh2 Ng6 29.Be4 Nde7
30.b5 Bxe4 31.Qxe4 Nd5 32.Rd2 Nh4 33.f3 Ng6 34.Rh1 h5 35.Kg1 h4 36.Rd3 Kg8
37.Qg4 Qe7 38.Ne4 Ra4 39.Nf6+ Nxf6 40.Qxa4 Nd5 41.Qe4 Qc5+ 42.Rd4 Kg7 43.Kg2 hxg3
44.Kxg3 Qxb5 45.Rxd5 exd5 46.Qc2 Nh4 47.e6+ d4 48.Bxd4+ Kg8 49.Rxh4 gxh4+
50.Kg4 Qe8 51.Qe4 h3 52.e7 Qd7+ 53.Kg3 Qd6+ 54.Be5 Rxf3+ 55.Kxf3 Qxa3+ 56.Kg4 Kf7
57.e8=Q+ Kxe8 58.Bd6+ Kd7 59.Bxa3 b5 60.Qd5+  1-0

[Event "FRG-ch qual"]
[Site "Mengen"]
[Date "1990.??.??"]
[Round "4"]
[White "Meister, Peter"]
[Black "Holzhaeuer, Mathias"]
[Result "1-0"]
[WhiteElo "2420"]
[BlackElo "2315"]

1.d4 Nf6 2.c4 e6 3.Nf3 Bb4+ 4.Nbd2 b6 5.a3 Bxd2+ 6.Bxd2 Bb7 7.g3 d6 8.Bg2 Nbd7
9.O-O c5 10.Bf4 cxd4 11.Bxd6 Nc5 12.Be5 d3 13.b4 dxe2 14.Qxe2 Qd3 15.Qxd3 Nxd3
16.Bc3 Ke7 17.Rad1 Rhd8 18.Nd4 Bxg2 19.Kxg2 Ne5 20.Rfe1 Nfd7 21.f4 Nxc4 22.Nc6+ Ke8
23.Nxd8 Rxd8 24.Bxg7 Nxa3 25.f5 Ke7 26.fxe6 fxe6 27.Re4 Rg8 28.Bb2 Nb5 29.Rh4 Nf8
30.Rf4 Nd7 31.Rh4 Nf8 32.Rh5 Nd6 33.Ra1 Nc8 34.b5 Kf7 35.Rc1 Nd6 36.Rc7+ Kg6
37.Rh4 h5 38.Rf4 Nf5 39.Rc8 h4 40.Rg4+  1-0

[Event "Moscow (Women)"]
[Site "Moscow"]
[Date "1990.??.??"]
[Round "?"]
[White "Litinskaya, Marta I"]
[Black "Levitina, Irina S"]
[Result "1/2-1/2"]
[WhiteElo "2355"]
[BlackElo "2370"]

1.d4 Nf6 2.c4 e6 3.Nf3 Bb4+ 4.Nbd2 O-O 5.a3 Be7 6.e4 d5 7.e5 Nfd7 8.Qc2 c5
9.Bd3 h6 10.O-O Nc6 11.Re1 a5 12.b3 cxd4 13.cxd5 exd5 14.Bb2 Nc5 15.Nxd4 Nxd4
16.Bxd4 Ne6 17.Nf3 Bd7 18.Qd2 Nxd4 19.Nxd4 Bc5 20.Nf5 Qg5 21.Qxg5 hxg5 22.Nd6 Bc6
23.Nb5 Rad8 24.Kf1 Rfe8 25.Rac1 Bf8 26.Nd4 Bd7 27.Rc7 Bxa3 28.Rxb7 Bb2 29.e6 fxe6
30.Rxd7 Rxd7 31.Bb5 Rde7 32.Bxe8 Bxd4 33.Bg6 Kf8 34.f3 e5 35.Rc1 Rb7 36.Rc8+ Ke7
37.Bc2 Kd6 38.Ke2 Re7 39.h3 e4 40.fxe4 dxe4 41.Rc4 Kd5 42.Ra4 Bc3 43.Rc4 Bb4
44.Bb1 Bc5 45.Bc2 Bd4 46.Ra4 Bc3 47.Rc4 Bb4 48.Bb1 Bc5 49.Bc2 Re5 50.Bb1 Re8
51.Bc2 Re7 52.Bb1 Bd4 53.Ra4 Ra7 54.Bc2 e3 55.Bd3 Ke5 56.Bc2 Bb6 57.Re4+ Kd6
58.Kd3 Rf7 59.Bd1 Rf2 60.Bf3 Rd2+ 61.Kc3 Bc5  1/2-1/2

[Event "New York op"]
[Site "New York"]
[Date "1990.??.??"]
[Round "4"]
[White "Bisguier, Arthur Bernard"]
[Black "Burger, Karl"]
[Result "1-0"]
[WhiteElo "2390"]
[BlackElo "2345"]

1.d4 Nf6 2.c4 e6 3.Nf3 Bb4+ 4.Nbd2 O-O 5.a3 Be7 6.e4 d5 7.Qc2 dxe4 8.Nxe4 Nxe4
9.Qxe4 Nc6 10.Be3 f5 11.Qc2 Bf6 12.O-O-O b6 13.Rg1 Qe7 14.Bd3 g6 15.g4 f4
16.Bxf4 Bxd4 17.Bg5 Bf6 18.Be3 Bb7 19.Be4 Rad8 20.Rde1 Na5 21.Nd2 c5 22.Bxb7 Nxb7
23.f4 Bg7 24.Nf3 Nd6 25.h4 Nf7 26.Bd2 Rfe8 27.f5 Qb7 28.fxg6 hxg6 29.Rg3 Nd6
30.Ng5 Qd7 31.Ne4 Nf7 32.h5 Ne5 33.Reg1 Qd4 34.h6 Bh8 35.Bg5 Nxc4 36.Nf6+ Kf7
37.Nxe8 Rxe8 38.Rf1+ Kg8 39.Qxg6+ Bg7 40.h7+ Kh8  1-0

[Event "Novi Sad ol (Men)"]
[Site "Novi Sad"]
[Date "1990.??.??"]
[Round "11"]
[White "Lalic, Bogdan"]
[Black "Horvath, Jozsef"]
[Result "1/2-1/2"]
[WhiteElo "2490"]
[BlackElo "2540"]

1.d4 Nf6 2.c4 e6 3.Nf3 Bb4+ 4.Nbd2 b6 5.a3 Bxd2+ 6.Qxd2 Bb7 7.e3 O-O 8.b3 d6
9.Bb2 Nbd7 10.Be2 Ne4 11.Qd3  1/2-1/2